000 01429nam a2200277Ia 4500
003 OSt
005 20260206102456.0
008 220909b |||||||| |||| 00| 0 eng d
020 _a0070990093
037 _cTextual
040 _aCSL
_beng
_cCSL
041 _aeng
084 _aB466 K3;L4;6
_qCSL
100 _aSpiegel, Murray R.
_91114050
245 0 _aTheory and problems of Vector Analysis
260 _aNew York:
_bMcGraw-Hill Book Company,
_c1974.
300 _a225p.
490 _aSchaum's Outline
500 _aIndex 218-225p.
520 _aThe guide to vector analysis that helps students study faster, learn better, and get top gradesMore than 40 million students have trusted Schaum's to help them study faster, learn better, and get top grades. Now Schaum's is better than ever-with a new look, a new format with hundreds of practice problems, and completely updated information to conform to the latest developments in every field of study.Fully compatible with your classroom text, Schaum's highlights all the important facts you need to know. Use Schaum's to shorten your study time-and get your best test scores!Schaum's Outlines-Problem Solved.
650 _aPhysics
_91114051
650 _aVector
_91114052
650 _aSchaum's Outline
_91114053
942 _hB466 K3;L4;6
_cTEXL
_2CC
_n0
999 _c17474
_d17474